000 00940nam a22002777i 4500
003 DO-SdBNP
005 20250319122935.0
007 ta
008 240501b1946 dr ||||| |||| 00| 0 spa d
040 _aDO-SdBNP
_bspa
_cBNPHU
_erda
082 0 4 _a575.467293
_bS333i 1946
_222
100 1 _aSchiffino, José
_eautor
_4aut.
_922056
245 1 0 _aEl industrial maderero :
_bnociones indispensables para todos aquellos que comercian en el ramo de maderas /
_cJosé Sichiffino
250 _aSegunda edición
264 _aCiudad Trujillo, República Dominicana :
_bEditora Montalvo,
_c1946.
300 _a139 páginas ;
_c23 cm.
336 _atexto
_btxt
_2rdacontent
337 _asin mediación
_bn
_2rdamedia
338 _avolumen
_bnc
_2rdacarrier
590 _aInventariado, 2024 /LP
650 4 _aMadera
_985357
650 4 _aIndustrias de la madera
_985358
650 4 _aSilvicultura
_921783
910 _aLP
942 _2ddc
_cLBS1
999 _c56569
_d56569